| 000 | 00645nam a22001817a 4500 | ||
|---|---|---|---|
| 999 |
_c178401 _d178401 |
||
| 005 | 20210330111925.0 | ||
| 010 | _aENG-125699 | ||
| 020 |
_a978-93-8472-674-4 _c1995.00 |
||
| 035 | _aEN-109231 | ||
| 037 | _bDBAD/PUB | ||
| 082 | _a532 | ||
| 100 | _aShiv Kumar | ||
| 245 |
_aFluid Mechanics and Fluid Machines: Basic Concepts and Principles/ _cShiv Kumar |
||
| 260 |
_aNew Delhi _bAne Books _c2018 |
||
| 270 |
_a4821, Parwana Bhawan, 1st Floor,24 Ansari Road, Darya Ganj _bNew Delhi _e110002 _mkapoor@anebooks.com |
||
| 300 |
_axxx+520p. _c20cm(hbk) _bincluding tables, illustrations, and index. |
||
| 942 |
_2ddc _cEN _h532 _mSHI |
||